[Event "RUS-ch Rapid (Women)"]
[Site "Sochi"]
[Date "2023.10.16"]
[Round "9"]
[White "Charochkina, Daria"]
[Black "Khlichkova, Tatiana"]
[Result "1-0"]
[WhiteElo "2301"]
[BlackElo "2196"]
[PlyCount "85"]
[EventDate "2023.10.15"]
[EventType "swiss (rapid)"]
[EventRounds "11"]
[EventCountry "RUS"]
[SourceTitle "Mega2024 Update 01"]
[Source "Chessbase"]
[SourceDate "2023.11.12"]
[SourceVersion "1"]
[SourceVersionDate "2023.11.12"]
[SourceQuality "1"]

1. d4 e6 2. c4 f5 3. g3 Nf6 4. Bg2 d5 5. Nc3 c6 6. Nh3 Bd6 7. 0-0 0-0 8. Bf4 Be7 9. Qc2 h6 10. Rad1 g5 11. Bc1 Bd7 12. f3 Be8 13. b3 Nbd7 14. Nf2 Bg6 15. e4 Bb4 16. Ne2 Qe7 17. e5 Ne8 18. f4 Kh7 19. fxg5 hxg5 20. Nd3 Ba5 21. Be3 Ng7 22. Qc1 Bd8 23. Nf2 Bh5 24. Qc2 Qf7 25. Nh3 Qg6 26. Qd2 Bg4 27. Nf2 Bh5 28. Kh1 Be7 29. Nh3 Bg4 30. Rde1 Bxh3 31. Bxh3 c5 32. cxd5 exd5 33. Bg2 cxd4 34. Bxd4 Rad8 35. Nc3 Bb4 36. a3 Bxc3 37. Qxc3 Ne6 38. Bxa7 Ra8 39. Bg1 Rac8 40. Qb4 Rc2 41. Bxd5 Qh5 42. Bxe6 Qe8 43. Qd6 1-0

[Event "RUS-ch Rapid (Women)"]
[Site "Sochi"]
[Date "2023.10.16"]
[Round "8"]
[White "Goltseva, Ekaterina"]
[Black "Charochkina, Daria"]
[Result "1-0"]
[WhiteElo "2338"]
[BlackElo "2301"]
[PlyCount "61"]
[EventDate "2023.10.15"]
[EventType "swiss (rapid)"]
[EventRounds "11"]
[EventCountry "RUS"]
[SourceTitle "Mega2024 Update 01"]
[Source "Chessbase"]
[SourceDate "2023.11.12"]
[SourceVersion "1"]
[SourceVersionDate "2023.11.12"]
[SourceQuality "1"]

1. d4 d5 2. c4 e6 3. Nc3 a6 4. cxd5 exd5 5. Nf3 Nf6 6. Bg5 Be6 7. Bxf6 Qxf6 8. Qb3 Ra7 9. h4 h6 10. 0-0-0 Qd8 11. e4 c6 12. exd5 cxd5 13. Bd3 Nc6 14. Rhe1 Be7 15. Rxe6 fxe6 16. Bg6+ Kd7 17. Ne5+ Nxe5 18. dxe5 Qc7 19. Kb1 Kc8 20. Rc1 Kb8 21. Nxd5 Qxc1+ 22. Kxc1 exd5 23. Qxd5 Rc8+ 24. Kb1 a5 25. Be4 a4 26. a3 Bxh4 27. Qd6+ Ka8 28. g3 Bd8 29. e6 Bf6 30. e7 Re8 31. Qd7 1-0

[Event "RUS-ch Blitz (Women)"]
[Site "Sochi"]
[Date "2023.10.14"]
[Round "10"]
[White "Afonasieva, Anna"]
[Black "Charochkina, Daria"]
[Result "1-0"]
[WhiteElo "2132"]
[BlackElo "2301"]
[PlyCount "91"]
[EventDate "2023.10.14"]
[EventType "swiss (blitz)"]
[EventRounds "13"]
[EventCountry "RUS"]
[SourceTitle "Mega2024 Update 01"]
[Source "Chessbase"]
[SourceDate "2023.11.12"]
[SourceVersion "1"]
[SourceVersionDate "2023.11.12"]
[SourceQuality "1"]

1. d4 d5 2. Nf3 Nf6 3. Bf4 e6 4. e3 Bd6 5. Bg3 b6 6. c3 Bb7 7. Nbd2 0-0 8. Bd3 Ne4 9. 0-0 Nxg3 10. hxg3 c5 11. Ne5 Bxe5 12. dxe5 Qg5 13. f4 Qe7 14. Kf2 f5 15. exf6 Qxf6 16. Nf3 Nd7 17. Rh1 h6 18. Ke2 e5 19. Bc2 Ba6+ 20. Kf2 Qe6 21. Bb3 c4 22. Bc2 Nc5 23. Rh5 exf4 24. exf4 Ne4+ 25. Bxe4 dxe4 26. Re5 Qc6 27. Nd4 Qb7 28. Ne6 Rf6 29. Nd4 Raf8 30. Qe2 Qf7 31. Qxe4 Bb7 32. Qe2 Rxf4+ 33. gxf4 Qxf4+ 34. Kg1 Qh4 35. Re8 Rxe8 36. Qxe8+ Kh7 37. Qe2 Be4 38. Re1 Bd3 39. Qf2 Qg5 40. Nf3 Qd8 41. Ne5 a5 42. Nxd3 cxd3 43. Rd1 Qd5 44. Qe3 Qxa2 45. Qxd3+ Kg8 46. Qd5+ 1-0

[Event "RUS-ch Blitz (Women)"]
[Site "Sochi"]
[Date "2023.10.14"]
[Round "3"]
[White "Charochkina, Daria"]
[Black "Satanovskaia, Evgeniia"]
[Result "1-0"]
[WhiteElo "2301"]
[BlackElo "1849"]
[PlyCount "121"]
[EventDate "2023.10.14"]
[EventType "swiss (blitz)"]
[EventRounds "13"]
[EventCountry "RUS"]
[SourceTitle "Mega2024 Update 01"]
[Source "Chessbase"]
[SourceDate "2023.11.12"]
[SourceVersion "1"]
[SourceVersionDate "2023.11.12"]
[SourceQuality "1"]

1. d4 e6 2. c4 Bb4+ 3. Bd2 Qe7 4. Qc2 Nf6 5. e4 e5 6. d5 Bxd2+ 7. Nxd2 d6 8. Ne2 0-0 9. Ng3 a5 10. b3 Na6 11. Be2 Nc5 12. a3 Ng4 13. 0-0 Nh6 14. b4 Na6 15. Rab1 f5 16. exf5 Nxf5 17. Nxf5 Bxf5 18. Bd3 Bxd3 19. Qxd3 Qg5 20. Ne4 Qg6 21. f3 b6 22. Qe3 a4 23. Rbc1 Nb8 24. c5 Nd7 25. cxd6 cxd6 26. Rc6 Nf6 27. Rxd6 Rad8 28. Qxb6 Rxd6 29. Qxd6 Nxe4 30. Qxg6 hxg6 31. fxe4 Rc8 32. Rd1 Kf7 33. d6 Rd8 34. Rd5 Ke6 35. Kf2 Kd7 36. Rxe5 Rf8+ 37. Ke2 Kxd6 38. Rg5 Rc8 39. Rxg6+ Ke5 40. Rxg7 Rc2+ 41. Kd1 Ra2 42. Rg3 Kxe4 43. h4 Kf4 44. Rc3 Rxg2 45. b5 Rb2 46. Rc4+ Ke3 47. Rxa4 Kd3 48. Kc1 Rxb5 49. Rb4 Rf5 50. Kb2 Rf2+ 51. Kb3 Rf1 52. a4 Rb1+ 53. Ka3 Ra1+ 54. Kb2 Rh1 55. a5 Rh2+ 56. Kb3 Rh1 57. a6 Ra1 58. Ra4 Rb1+ 59. Ka2 Rb8 60. a7 Ra8 61. h5 1-0

[Event "RUS-ch Blitz (Women)"]
[Site "Sochi"]
[Date "2023.10.14"]
[Round "13"]
[White "Nur Mukhametova, Alisa"]
[Black "Charochkina, Daria"]
[Result "0-1"]
[WhiteElo "2133"]
[BlackElo "2301"]
[PlyCount "54"]
[EventDate "2023.10.14"]
[EventType "swiss (blitz)"]
[EventRounds "13"]
[EventCountry "RUS"]
[SourceTitle "Mega2024 Update 01"]
[Source "Chessbase"]
[SourceDate "2023.11.12"]
[SourceVersion "1"]
[SourceVersionDate "2023.11.12"]
[SourceQuality "1"]

1. d4 f5 2. c4 Nf6 3. Nf3 e6 4. Nc3 Bb4 5. Qb3 a5 6. Bg5 0-0 7. e3 h6 8. Bxf6 Qxf6 9. Bd3 b6 10. 0-0 Bb7 11. d5 Bxc3 12. bxc3 Na6 13. Be2 Nc5 14. Qd1 Qxc3 15. Rc1 Qf6 16. d6 Rac8 17. dxc7 Rxc7 18. Qd6 Rc6 19. Qd4 Qxd4 20. Nxd4 Rd6 21. Rfd1 f4 22. Nb5 Rxd1+ 23. Rxd1 fxe3 24. fxe3 Rf6 25. Nd6 Rg6 26. Rb1 e5 27. Bf1 Kh7 0-1

[Event "RUS-ch Blitz (Women)"]
[Site "Sochi"]
[Date "2023.10.14"]
[Round "4"]
[White "Shafigullina, Zarina"]
[Black "Charochkina, Daria"]
[Result "0-1"]
[WhiteElo "2071"]
[BlackElo "2301"]
[PlyCount "58"]
[EventDate "2023.10.14"]
[EventType "swiss (blitz)"]
[EventRounds "13"]
[EventCountry "RUS"]
[SourceTitle "Mega2024 Update 01"]
[Source "Chessbase"]
[SourceDate "2023.11.12"]
[SourceVersion "1"]
[SourceVersionDate "2023.11.12"]
[SourceQuality "1"]

1. d4 d5 2. Nf3 a6 3. g3 Nf6 4. Bg2 b5 5. a4 b4 6. c4 dxc4 7. Ne5 Ra7 8. Qc2 e6 9. Qxc4 Bd6 10. Nd3 Nfd7 11. a5 Bb7 12. 0-0 Bxg2 13. Kxg2 0-0 14. e4 e5 15. d5 c6 16. dxc6 Rc7 17. Nxb4 Nxc6 18. Nxc6 Qc8 19. Be3 Rxc6 20. Qd3 Nc5 21. Bxc5 Bxc5 22. Nc3 Bd4 23. Nd5 Qe6 24. Nb4 Rc4 25. Nd5 Rfc8 26. Ra2 f5 27. Re1 fxe4 28. Qxe4 Bc3 29. Rd1 Rxe4 0-1